000 00285nam a22001337a 4500
008 170911b xxu||||| |||| 00| 0 eng d
020 _a9780471805809
041 _aeng
080 _a91
100 _a42
101 _aGEO
245 _aMANUAL MINEROLOGY
_cKLEIN.C
942 _2udc
_cBK
999 _c27002
_d27002